Normal view
MARC view
- Novati, Eugenia
Entry Nombre Personal
001 - NUMERO DE CONTROL
- campo de control: 46816
003 - IDENTIFICADOR DE NUMERO DE CONTROL
- campo de control: UPN
005 - FECHA Y HORA DE LA ÜLTIMA TRANSACCIÓN
- campo de control: 20220927104609.0
008 - DATOS DE LONGITUD FIJA
- campo de control de longitud fija: 220927nn acannaabn n aaa d
040 ## - FUENTE DE CATALOGACIÓN
- Agencia original de catalogación: UPN
100 ## - ENCABEZAMIENTO - NOMBRE PERSONAL
- Nombre personal: Novati, Eugenia
670 ## - FUENTE EN LA QUE SE LOCALIZARON DATOS
- Cita de la fuente: T
- Uniform Resource Identifier: http://worldcat.org/identities/np-novati,%20eugenia/
680 ## - NOTA PUBLICA DE ACCESO PÚBLICO
- Encabezamiento o subdivisión: Ilustradora argentina
902 ## - CATALOGADOR
- Catalogador: CAA/270922
